| 000 | 00463nam a2200157 i 4500 | ||
|---|---|---|---|
| 001 | 41940 | ||
| 003 | ES-MaACL | ||
| 005 | 20230906160524.0 | ||
| 007 | t| | ||
| 008 | 030312s1965 sp ||||1| spa d | ||
| 100 | 1 |
_aCarbonell Razquin, Mateo. _935065 |
|
| 245 | 1 | 0 |
_aAguardientes, licores y aperitivos / _cMateo Carbonell Razquin. |
| 260 |
_aBarcelona : _bSintes, _c[1965] |
||
| 300 |
_a664 p., 14 lám. : _bil. ; _c22 cm. |
||
| 852 |
_aES-MaACL _jC-27805 _bR.56961 |
||
| 999 |
_c41940 _d41940 |
||